Normal view
MARC view
- Hafiz Salah-ud-Din Yousaf
Entry Personal Name
001 - CONTROL NUMBER
- control field: 9633
003 - CONTROL NUMBER IDENTIFIER
- control field: NUST
005 - DATE AND TIME OF LATEST TRANSACTION
- control field: 20180123153639.0
008 - FIXED-LENGTH DATA ELEMENTS
- fixed length control field: 180123|| aca||aabn | a|a d
040 ## - CATALOGING SOURCE
- Original cataloging agency: NUST
- Transcribing agency: NUST
100 ## - HEADING--PERSONAL NAME
- Personal name: Hafiz Salah-ud-Din Yousaf
670 ## - SOURCE DATA FOUND
- Source citation: Work cat.: (NUST)321871: Hafiz Salah-ud-Din Yousaf, Husn-ul-Muslim, 2012
